000 02324cam a2200409 i 4500
999 _c66046
_d66046
001 768714001
003 CO-MdFUSB
005 20200819093738.0
007 ta
008 720418s1953 nyub b 001 0 eng
010 _a 53005004
020 _a[No incluye ISBN]
040 _aDLC
_beng
_erda
_cCO-MdFUSB
_dDLC
_dCO-MdFUSB
_dBTCTA
_dHNW
_dOCLCG
_dIDI
_dNIALS
_dDEBBG
_dCNMBL
_dGBVCP
_dALAUL
_dOCLCF
_dOCLCQ
_dUKUOY
_dMNLUT
_dOCLCO
_dXFF
_dOCLCO
_dALROG
_dCSJ
_dOCLCO
_dALAUL
_dOCLCQ
_dOCLCA
_dKG7
_dKFH
_dOCLCQ
_dOCLCO
_dCPS
_dOCLCQ
_dNLUKB
_dOCLCO
_dOCLCQ
_dOCLCO
_dDCHUA
_dOCLCO
_dOCLCQ
_dCSO
_dL2U
_dOCLCO
_dCPO
_dOCLCO
_dBUF
041 _aeng
082 _223
_a270
_bL359
100 1 _aLatourette, Kenneth Scott,
_d1884-1968,
_eautor
245 1 2 _aA history of Christianity /
_cKenneth Scott Latourette.
250 _aprimera edición
264 1 _aNew York :
_bHarper & Brothers,
_c[2000]
264 4 _c© 2000
300 _a1516 páginas :
_bmapas ;
_c24 cm.
336 _atexto
_btxt
_2rdacontent.
337 _asin mediación
_bn
_2rdamedia.
338 _avolumen
_bnc
_2rdacarrier.
500 _aColección Dawn Christina Harrell
504 _aIncluye referencias bibliográficas e indice.
505 _aEl curso precristiano de la humanidad --Jesús y el evangelio-- Los primeros quinientos años: el cristianismo gana el imperio romano y toma forma - Las horas más oscuras: la gran recesión, 500 d.C. 950 --Cuatro siglos de resurgimiento y avance, 950 d.C. 1350 - Pérdida geográfica y lasitud interna, confusión y corrupción, en parte compensada por una vida vigorosa, 1350 d.C. 1500 - Reforma y expansión A.D.1,500-A.D. 1750 - Renuncia y avivamiento, 1750 d.C. 1815 --El gran siglo: creciente repudio paralelo a una vitalidad abundante y una expansión sin precedentes, 1815 d.C. 1914 --Vigour en medio de la tormenta: a partir de 1914 d.C.- Por una forma de retrospectiva inclusiva.
520 _aTraza el curso del cristianismo desde su comienzo hasta nuestros días, trazando sus desarrollos geográficos, doctrinales y denominacionales y su impacto en el contexto de la historia mundial.
563 _aRústico
650 0 _aHistoria de la Iglesia
_9153
653 0 _aChurch history.
653 0 _aKirchengeschichte.
655 7 _aHistory (form)
942 _cBK
945 _aJTF-925